| 000 | 00473nam a2200145Ia 4500 | ||
|---|---|---|---|
| 008 | 100415s9999 xx 000 0 und d | ||
| 082 |
_b9169 _a591.6(54) |
||
| 100 | _aPrakash Ishwar | ||
| 245 | _aRodent Pest Management : Principles and Practices | ||
| 260 |
_aJODHPUR _c1976 _bCENTRAL ARID ZONE RESEARCH INS |
||
| 365 | _b0 | ||
| 630 | _aRodent Pest Management : Principles and Practices | ||
| 730 | _aRodent Pest Management : Principles and Practices | ||
| 942 | _cBOOK | ||
| 999 |
_c592108 _d592105 |
||